Prénoms masculins les plus donnés en France. - Statistiques

Statistiques générales
  • Ce quiz a été pris 942 fois
    721 depuis la dernière actualisation
  • Le résultat moyen est 63 sur 207
Statistiques - réponses
Hint Réponse % Correct
A Antoine
74%
A Alex
71%
F François
68%
A Arthur
67%
C Charles
66%
A Alexandre
65%
A André
62%
A Anthony/ Antony
61%
A Alexis
60%
B Bernard
60%
B Baptiste
59%
F Fabien
59%
C Christophe
58%
A Albert
57%
B Bastien
57%
A Alain/ Allain
55%
D Damien
55%
D David
55%
F Franck / Frank
55%
B Benoît
54%
C Clément
54%
G Gabriel
54%
C Corentin
53%
F Fabrice
53%
F Frédéric
53%
H Hugo
53%
A Axel
52%
E Eric / Erik
52%
H Henri / Henry
52%
F Francis
51%
D Daniel
50%
E Émile
50%
G Gérard
50%
A Adrien
49%
B Benjamin
49%
C Camille
49%
C Christian
49%
C Claude
49%
G Gilles / Gil
49%
A Arnaud
48%
E Elie/ Ellie/ Elly
48%
F Florent
48%
F Florian
48%
G Guillaume
48%
C Charly / Charlie
47%
D Didier
47%
D Dominique
46%
A Adam
45%
A Antonin
45%
B Bertrand
45%
E Émilien
45%
G Georges
44%
B Bruno
43%
D Dorian
43%
C Cédric
42%
D Denis
42%
E Elio / Elyo
42%
E Evan
42%
G Gabin
42%
G Grégoire
42%
A Ali
41%
A Armand
41%
E Enzo
41%
E Ethan
41%
E Etienne
41%
G Guy
41%
A Auguste
40%
A Augustin
40%
G Grégory
40%
A Alban
39%
E Eliot / Eliott
38%
F Fernand
38%
G Gaspard
38%
A Aurélien
37%
E Emmanuel
37%
G Gaëtan
37%
G Gaston
37%
A Alfred
36%
B Basile
36%
E Édouard
36%
G Gaël
36%
H Hervé
36%
A Aaron
35%
A Amaury
35%
D Dimitri
34%
I Ilan
34%
A Alan/ Allan
33%
B Brice
33%
C Cyril
33%
E Esteban
33%
G Gilbert
33%
A Achille
32%
D Dylan
31%
F Félix
31%
H Hector
31%
H Hubert
31%
A Alphonse
30%
B Boris
30%
B Bryan/ Brian
30%
C Côme
30%
E Eden
30%
E Erwan / Erwann
30%
I Ivan
30%
A Amir
29%
C Christopher
29%
H Hugues
29%
A Amine
28%
A Andréa
28%
E Eugène
28%
A Abel
27%
C Colin
27%
F Félicien
27%
I Ismaël
27%
C Clovis
26%
E Ernest
26%
I Isaac
26%
A Anatole
24%
A Ange
24%
A Aristide
24%
G Germain
24%
F Flavien
23%
I Isidore
23%
A Aymeric
22%
B Brandon
22%
D Diego
22%
E Eddy / Eddie
22%
G Geoffrey/ Geoffroy
22%
G Gérald
22%
G Gustave
22%
A Adolphe
21%
A Aimé
21%
A Ambroise
21%
C Carlos
21%
C Constant
21%
F Ferdinand
21%
G Ghislain
21%
H Harry
21%
C César
20%
G Gauthier / Gautier
20%
H Hadrien
20%
A Adel
19%
A Antonio
19%
A Aubin
19%
B Bilal
19%
C Célestin
19%
C Cyprien
19%
E Ezio
19%
F Firmin
19%
I Idriss
19%
A Aloïs
18%
B Billy
18%
C Clotaire
18%
E Edmond
18%
E Eloi
18%
F Flavio
18%
D Dany
17%
E Elias
17%
E Ewen
17%
F Florentin
17%
A Arsène
16%
F Freddy
16%
H Honoré
16%
I Ian
16%
A Alessio
15%
B Barthélémy
15%
E Emilio
15%
D Désiré
14%
E Edgard
14%
E Emeric
14%
I Ibrahim
14%
A Angelo
13%
B Bastian
13%
I Ilyan
13%
A Andy
12%
A Armel
12%
E Elouan
12%
G Gary
12%
G Gwenaël
12%
A Ayden
11%
D Dario
11%
E Ezra
11%
C Casimir
10%
D Daryl
10%
G Gwendal
10%
A Ariel
9%
A Armando
9%
h Harold
9%
H Hyppolyte
9%
H Hakim
8%
H Herman
8%
C Claudius
7%
F Foucauld
7%
H Hayden
7%
A Amedée
6%
B Batista
6%
F Forrest
6%
G Gianny
6%
G Giorgio
6%
C Charles Henri
5%
C Calvin
4%
I Isaïah
4%
E Eloan
3%
E Elijah
2%
E Eustache
2%
E Ezekiel
2%
I Imrân
2%
C Camilo
0%
Aucun quiz correspondant
Distribution des résultats
% des personnes avec chaque résultat
Percentile par nombre de réponses
Votre historique - résultats
Vous n’avez pas pris ce quiz depuis la dernière actualisation